000 005030000a22001810004500
003 MACL
005 20160217114508.0
008 160217b xxu||||| |||| 00| 0 eng d
040 _aMACL
_cMACL
041 _aHindi
082 _a370
100 _aसिंह जगत
_937201
245 _aविृकलांग बालक
260 _bप्रभात प्रकाशन
_c1981
_aनई दिल्‍ली
350 _a5
650 _aEducation
_938601
942 _cHIN
_k891.433
_2ddc
999 _c26606
_d26606